| 000 | 01237cad a22002055a 4500 | ||
|---|---|---|---|
| 001 | L153162 | ||
| 008 | 110617s2011 xxk f 000 0 eng d | ||
| 035 | _a(Sirsi) u153162 | ||
| 041 | 0 | _aeng | |
| 100 | 1 | _aHeywood, Andrew | |
| 245 | 0 | 4 |
_aThe end of the affair _bimplications of declining home ownership _h[electronic resource] |
| 260 |
_aLondon _bThe Smith Institute _c2011 |
||
| 505 | 2 | _aForeword -- Executive summary -- Setting the scene -- The rise of homeownership in the 20th century -- Recent trends the 1980s and beyond -- Home ownership levels fall -- Challenges for government -- Challenges for affordable housing providers -- Conclusion | |
| 520 | _aLooks at the causes and implications of recent falling home ownership levels and the corresponding growth of the private rented sector (PRS) in England. Traces the rise of home ownership in the 20th Century up to the present day. | ||
| 590 | _aKA NTK | ||
| 651 | 4 |
_aEngland _y886- |
|
| 690 | _aPROPERTY-RESIDENTIAL PROPERTY-RESIDENTIAL PROPERTY MARKET | ||
| 856 | 4 | 0 |
_uhttps://www.smith-institute.org.uk/file/The%20End%20of%20the%20Affair%20-%20implications%20of%20declining%20home%20ownership.pdf _zView the item free of charge at www.smith-institute.org.uk |
| 942 | _n0 | ||
| 999 |
_c112404 _d112404 |
||